Seguridad y defensa hoy : (Registro nro. 5751)
[ vista simple ]
| 000 -CABECERA | |
|---|---|
| campo de control de longitud fija | 01588cam a2200325 4500 |
| 001 - NÚMERO DE CONTROL | |
| campo de control | a4456380 |
| 003 - IDENTIFICADOR DEL NÚMERO DE CONTROL | |
| campo de control | SpMaBN |
| 005 - FECHA Y HORA DE LA ÚLTIMA TRANSACCIÓN | |
| campo de control | 20200426024946.0 |
| 008 - DATOS DE LONGITUD FIJA--INFORMACIÓN GENERAL | |
| campo de control de longitud fija | 090401s2008 sp | |||| 000 0 spa |
| 015 ## - NÚMERO DE BIBLIOGRAFÍA NACIONAL | |
| Número de bibliografía nacional | MON0907 |
| 017 ## - NÚMERO DE COPYRIGHT O DE DEPÓSITO LEGAL | |
| Número de copyright o de depósito legal | SE 5672-2008 |
| Agencia que asigna | Oficina Depósito Legal Sevilla |
| 020 ## - NÚMERO INTERNACIONAL ESTÁNDAR DEL LIBRO | |
| Número Internacional Estándar del Libro | 9788496780453 |
| 035 ## - NÚMERO DE CONTROL DEL SISTEMA | |
| Número de control de sistema | (OCoLC)733771965 |
| 040 ## - FUENTE DE LA CATALOGACIÓN | |
| Centro catalogador/agencia de origen | SpMaBN |
| Lengua de catalogación | spa |
| Centro/agencia transcriptor | SpMaBN |
| Normas de descripción | rdc |
| 082 ## - NÚMERO DE LA CLASIFICACIÓN DECIMAL DEWEY | |
| Número de clasificación | 327.1 S456 2008 |
| 245 00 - MENCIÓN DE TÍTULO | |
| Título | Seguridad y defensa hoy : |
| Resto del título | construyendo el futuro / |
| Mención de responsabilidad, etc. | José Julio Fernández Rodríguez, Javier Jordán Enamorado, Daniel Sansó-Rubert Pascual (editores) |
| 260 ## - PUBLICACIÓN, DISTRIBUCIÓN, ETC. | |
| Lugar de publicación, distribución, etc. | Villaviciosa de Odón, Madrid : |
| Nombre del editor, distribuidor, etc. | Plaza y Valdés, |
| Fecha de publicación, distribución, etc. | 2008 |
| 300 ## - DESCRIPCIÓN FÍSICA | |
| Extensión | 280 páginas. |
| 490 ## - MENCIÓN DE SERIE | |
| Mención de serie | Prospectiva/Estudios de futuro |
| 504 ## - NOTA DE BIBLIOGRAFÍA, ETC. | |
| Nota de bibliografía, etc. | Incluye referencias bibliográficas |
| 520 ## - SUMARIO, ETC. | |
| Sumario, etc. | Seguridad y Defensa hoy. Construyendo el futuro es una obra colectiva que analiza varios de los puntos más candentes de la agenda de seguridad mundial. Por sus páginas desfilan las compañías militares y de seguridad privadas, el terrorismo global, el crimen organizado transnacional, las amenazas cibernéticas y otros temas de profundo interés como el papel de la información en los conflictos bélicos o la integración político-social de las comunidades islámicas, entre otros. |
| 650 #7 - PUNTO DE ACCESO ADICIONAL DE MATERIA--TÉRMINO DE MATERIA | |
| Término de materia o nombre geográfico como elemento de entrada | Seguridad internacional |
| Fuente del encabezamiento o término | Sears |
| 650 #7 - PUNTO DE ACCESO ADICIONAL DE MATERIA--TÉRMINO DE MATERIA | |
| Término de materia o nombre geográfico como elemento de entrada | Terrorismo |
| 650 #7 - PUNTO DE ACCESO ADICIONAL DE MATERIA--TÉRMINO DE MATERIA | |
| Término de materia o nombre geográfico como elemento de entrada | Mercenarios |
| 700 1# - PUNTO DE ACCESO ADICIONAL--NOMBRE DE PERSONA | |
| Autor secundario (Nombre de persona) | Fernández Rodríguez, José Julio |
| Fechas asociadas al coautor | 1970- |
| 700 1# - PUNTO DE ACCESO ADICIONAL--NOMBRE DE PERSONA | |
| Autor secundario (Nombre de persona) | Jordán, Javier |
| Forma completa/desarrollada del nombre | Jordán Enamorado |
| 700 1# - PUNTO DE ACCESO ADICIONAL--NOMBRE DE PERSONA | |
| Autor secundario (Nombre de persona) | Sansó-Rubert Pascual, Daniel |
| Rol del Coautor | Editores |
| 942 ## - ELEMENTOS DE PUNTO DE ACCESO ADICIONAL (KOHA) | |
| Fuente del sistema de clasificación o colocación | Dewey Decimal Classification |
| Tipo de ítem Koha | Libros |
| Catalogador | Elizabeth Figueroa |
| 956 ## - LOCALIZACIÓN Y ACCESO ELECTRÓNICOS LOCAL (OCLC) | |
| Nombre del host | 2 |
| Estado de retiro | Estado de pérdida | Fuente del sistema de clasificación o colocación | Estado dañado | No para préstamo | Código de colección | Localización permanente | Ubicación/localización actual | Ubicación en estantería | Fecha de adquisición | Número de inventario | Total de préstamos | Signatura topográfica completa | Código de barras | Fecha visto por última vez | Número de copia | Precio válido a partir de | Tipo de ítem Koha |
|---|---|---|---|---|---|---|---|---|---|---|---|---|---|---|---|---|---|
| Dewey Decimal Classification | Colección General | SIBM UNADE - Biblioteca Sede Central | SIBM UNADE - Biblioteca Sede Central | En estantería | 02/13/2020 | 20-02664 | 327.1 S456 2008 | 20-02664 | 02/13/2020 | e.1 | 02/13/2020 | Libros | |||||
| Dewey Decimal Classification | Colección General | SIBM UNADE - Biblioteca Sede Central | SIBM UNADE - Biblioteca Sede Central | En estantería | 02/13/2020 | 20-02665 | 327.1 S456 2008 | 20-02665 | 02/13/2020 | e.2 | 02/13/2020 | Libros | |||||
| Dewey Decimal Classification | Colección General | SIBM UNADE - Biblioteca Sede Central | SIBM UNADE - Biblioteca Sede Central | En estantería | 09/12/2022 | 22-02876 | 327.1 S456 2008 | 22-02876 | 09/12/2022 | e.3 | 09/12/2022 | Libros | |||||
| Dewey Decimal Classification | Colección General | SIBM UNADE - Biblioteca Escuela de Graduados de Comando y Estado Mayor Aéreo, FARD | SIBM UNADE - Biblioteca Escuela de Graduados de Comando y Estado Mayor Aéreo, FARD | En estantería | 01/14/2025 | 25EG.FARD.000.7821 | ES327.1 F363s 2008 | 25EG.FARD.000.7821 | 01/14/2025 | ej.1 | 01/14/2025 | Libros |
